000
00293nam a2200121Ia 4500
005
20251222155135.0
008
251222s9999||||xx |||||||||||||| ||spa||
082
_a
MAN.147
100
_a
MINSA.
245
0
_a
Manejo de medicamentos y suministros para TB Vol.4
264
_b
Minsa
942
_c
LIB
999
_c
38979
_d
38979